00398pab a2200145 454500008004000000100002400040245005400064260000900118300001600127362001000143650003400153650001200187700001900199773003400218180718b2007 xxu||||| |||| 00| 0 eng d aFarooquee, Nehal A. aRole of the state on forests: case of Uttarakhand c2007 ap.3537-540. a1 Sep aForests - India - Uttarakhand aForests aMaikhuri, R.K. aEconomic and Political Weekly